[Event "BL9192 (Women)"]
[Site "Germany"]
[Date "1992.??.??"]
[Round "?"]
[White "Ankerst, Milka"]
[Black "Wagner Michel, Annett"]
[Result "0-1"]
[WhiteElo "2195"]
[BlackElo "2215"]

1.e4 c5 2.Nf3 Nc6 3.d4 cxd4 4.Nxd4 Nf6 5.Nc3 d6 6.Bg5 e6 7.Qd2 a6 8.O-O-O Bd7
9.f3 h6 10.Be3 Be7 11.Kb1 b5 12.Nxc6 Bxc6 13.Bd4 b4 14.Ne2 e5 15.Bf2 d5 16.Ng3 g6
17.f4 dxe4 18.Qe1 Qb8 19.f5 O-O 20.fxg6 fxg6 21.Bc4+ Kh7 22.Qe2 Qc8 23.h3 Qb7
24.Nf1 Nh5 25.Ne3 Nf4 26.Qe1 Rad8 27.Rxd8 Bxd8 28.Qd2 Be7 29.Ng4 Qc7 30.g3 e3
31.Qxe3 Bxh1 32.Nxe5 Nxh3 33.Nf7 Rxf7 34.Bxf7 Nxf2 35.Qxf2 Qd6 36.Qg1 Qf6
37.Bxg6+ Qxg6 38.Qxh1 Bf8 39.Qb7+ Bg7 40.Qxb4 Qxg3 41.a4 Qg1+ 42.Ka2 Qd4
43.Qb3 h5 44.c3 Qe4 45.Qd1 h4 46.Qh5+ Kg8 47.Kb3 Bf6 48.a5 Qb7+ 49.Ka3 Qe7+
50.Ka4 Qf7 51.Qg4+ Kf8 52.Ka3 Qe7+ 53.Kb3 Qc5 54.Qf3 Qb5+ 55.Kc2 Kg7 56.Qg4+ Kh6
57.Qe6 Kg5 58.Qg8+ Kf4 59.Qf8 Qf5+ 60.Kb3 Qe6+ 61.Kc2 Kg3 62.Qh6 h3 63.Qg6+ Kf2
64.Qh7 Bg5 65.Qh8 Qe4+ 66.Kb3 Qd5+ 67.Kc2 Kg2 68.Qh5 Kg3 69.Qe8 Qf5+ 70.Kd1 Qb1+  0-1

[Event "BL2-W9192"]
[Site "Germany"]
[Date "1992.??.??"]
[Round "?"]
[White "Ostojic, Predrag"]
[Black "Dueball, Juergen"]
[Result "1/2-1/2"]
[WhiteElo "2355"]
[BlackElo "2410"]

1.e4 c5 2.Nf3 Nc6 3.d4 cxd4 4.Nxd4 Nf6 5.Nc3 d6 6.Bg5 e6 7.Qd2 a6 8.O-O-O Bd7
9.f4 b5 10.Nxc6 Bxc6 11.Qe3 Be7 12.Bxf6 gxf6 13.Bd3 Qa5 14.Kb1 O-O-O 15.a3 Rd7
16.Na2 Rb7 17.Nb4 Bd7 18.c4 Qb6 19.Qxb6 Rxb6 20.cxb5 axb5 21.Rc1+ Kb7 22.Rc3 Rc8
23.Rxc8 Kxc8 24.Rf1 Rb8 25.Rf3 Kb7 26.Rh3 Rh8 27.Rh5 Kb6 28.Na2 h6 29.Nc3 f5
30.exf5 d5 31.g4 Bd6 32.fxe6 fxe6 33.f5  1/2-1/2

[Event "BL2-W9192"]
[Site "Germany"]
[Date "1992.??.??"]
[Round "?"]
[White "Holzke, Frank"]
[Black "Bewersdorff, Oliver"]
[Result "1/2-1/2"]
[WhiteElo "2395"]
[BlackElo "2325"]

1.e4 c5 2.Nf3 Nc6 3.d4 cxd4 4.Nxd4 Nf6 5.Nc3 d6 6.Bg5 Qb6 7.Nb3 e6 8.Qd2 Be7
9.O-O-O O-O 10.f3 Rd8 11.Be3 Qc7 12.Qf2 d5 13.exd5 Nxd5 14.Nxd5 Rxd5 15.Rxd5 exd5
16.Bb5 Bf5 17.Bxc6 bxc6 18.Bc5 Bg5+ 19.Kb1 h5 20.g3 a5 21.Bb6 Qb7 22.Bxa5 Qb5
23.Bc3 Qa4 24.Nc1 Bxc1  1/2-1/2

[Event "BL2-W9192"]
[Site "Germany"]
[Date "1992.??.??"]
[Round "?"]
[White "Cuijpers, Frans Andre"]
[Black "Schoen, Wolfram"]
[Result "1-0"]
[WhiteElo "2410"]
[BlackElo "2370"]

1.e4 c5 2.Nf3 Nc6 3.d4 cxd4 4.Nxd4 Nf6 5.Nc3 d6 6.Bg5 e6 7.Qd2 a6 8.O-O-O Bd7
9.f4 Be7 10.Nf3 b5 11.Bxf6 gxf6 12.Kb1 Qb6 13.f5 O-O-O 14.Ne2 Kb8 15.Nf4 Bc8
16.Qe1 Rhe8 17.Bd3 Ne5 18.Rf1 Qc5 19.Qh4 exf5 20.exf5 d5 21.Ne2 Rg8 22.Ned4 Rg4
23.Qf2 Qb6 24.h3 Rgg8 25.Qh4 Bc5 26.Nb3 Be3 27.g4 Bb7 28.Qg3 Rge8 29.g5 Ka8
30.gxf6 Nxd3 31.cxd3 d4 32.Qg7 Bd5 33.Qg4 Bxb3 34.axb3 Qxf6 35.Nd2 Rc8 36.Qg2+ Ka7
37.Rc1 Rg8 38.Qh2 Qb6 39.Rxc8 Rxc8 40.Ne4 Qc6 41.Qe5 Rc7 42.f6 Ka8 43.Ka2 a5
44.Rf5 a4 45.Qd5 axb3+ 46.Kxb3 Kb8 47.Qxc6 Rxc6 48.Rxb5+ Kc7 49.Rc5 Rxc5
50.Nxc5 Kd6 51.Kc4 Ke5 52.Ne4 Kf4 53.b4 Kf3 54.b5 Bf4 55.b6 h5 56.b7 h4 57.Kxd4 Kg2
58.Ng5  1-0

[Event "BL2-W9192"]
[Site "Germany"]
[Date "1992.??.??"]
[Round "?"]
[White "Cuijpers, Frans Andre"]
[Black "Ostojic, Predrag"]
[Result "1/2-1/2"]
[WhiteElo "2410"]
[BlackElo "2355"]

1.e4 c5 2.Nf3 d6 3.d4 cxd4 4.Nxd4 Nf6 5.Nc3 Nc6 6.Bg5 e6 7.Qd2 Be7 8.O-O-O O-O
9.Nb3 a6 10.Bxf6 gxf6 11.Qh6 Kh8 12.Qh5 Qe8 13.f4 Rg8 14.g4 b5 15.h4 Bb7
16.g5 Rd8 17.Rh3 b4 18.Na4 Nb8 19.gxf6 Bxf6 20.Bd3 e5 21.Nb6 Nd7 22.Nd5 Bg7
23.Kb1 Nf6 24.Nxf6 Bxf6 25.Rf3 Rg7 26.Rdf1 Rd7 27.Qf5 Qe6 28.Qxe6 fxe6 29.f5 exf5
30.Rxf5 Be7 31.h5 h6 32.Na5 Ba8 33.b3 Kh7 34.Nc4 Bc6 35.Nb6 Rb7 36.Nd5 a5
37.Nxe7 Rbxe7 38.Rf6 Rd7 39.Re6 Rge7 40.Rg6 Rg7 41.Re6 Rge7 42.Rff6 Rxe6
43.Rxe6 Kg7 44.Rg6+ Kh7 45.Re6 Kg7 46.Kb2 Rd8 47.Rg6+ Kh7 48.Re6 Kg7 49.Rg6+  1/2-1/2

[Event "BL2-W9192"]
[Site "Germany"]
[Date "1992.??.??"]
[Round "?"]
[White "Bode, Wilfried"]
[Black "Dueball, Juergen"]
[Result "1-0"]
[WhiteElo "2355"]
[BlackElo "2410"]

1.e4 c5 2.Nf3 Nc6 3.d4 cxd4 4.Nxd4 Nf6 5.Nc3 d6 6.Bg5 Bd7 7.Qd2 Rc8 8.O-O-O Nxd4
9.Qxd4 Qa5 10.Bd2 a6 11.Kb1 Qc5 12.Qxc5 Rxc5 13.f3 e6 14.Bf4 Rc6 15.g4 h6
16.h4 b5 17.Bd3 b4 18.Ne2 e5 19.Bd2 d5 20.exd5 Nxd5 21.c4 Nc7 22.Ng3 Ne6
23.Rhe1 Bc5 24.Nf5 f6 25.Be4 Rb6 26.h5 Kd8 27.Bd5 Kc7 28.b3 Nd4 29.Nxg7 Rh7
30.Nf5 Nxf5 31.gxf5 Bxf5+ 32.Be4 Bxe4+ 33.fxe4 Rd6 34.Bc1 Rxd1 35.Rxd1 Rg7
36.Rh1 Rh7 37.Rf1 Be7 38.Rg1 Kd7 39.Rg6 Ke6 40.Bxh6 Kf7 41.Kc2 Rh8 42.Kd3 Rd8+
43.Ke2 Rd4 44.Rg4 f5 45.Rg7+ Kf6 46.Rg6+ Kf7 47.exf5 Rh4 48.Rxa6 Rxh5 49.Kd3 Rxf5
50.Be3 Rf1 51.c5 Rd1+ 52.Ke2 Rd8 53.Rb6  1-0

[Event "BL2-S9192"]
[Site "Germany"]
[Date "1992.??.??"]
[Round "?"]
[White "Syska, Albert"]
[Black "Oberst, Thomas"]
[Result "1-0"]
[WhiteElo "2275"]
[BlackElo "2265"]

1.e4 c5 2.Nf3 Nc6 3.d4 cxd4 4.Nxd4 Nf6 5.Nc3 d6 6.Bg5 e6 7.Bb5 Bd7 8.Bxc6 Bxc6
9.Nxc6 bxc6 10.e5 Qa5 11.Bxf6 gxf6 12.exd6 Qe5+ 13.Qe2 Qxe2+ 14.Kxe2 Bxd6
15.Ne4 Be5 16.Rab1 f5 17.Nd2 Rg8 18.g3 Ke7 19.Nc4 Bc7 20.Rbd1 Rad8 21.Rxd8 Rxd8
22.Rd1 Rxd1 23.Kxd1 h5 24.Ke2 f4 25.Kf3 fxg3 26.hxg3 f5 27.Ne3 Kf6 28.b4 e5
29.Ng2 Kg5 30.c4 e4+ 31.Ke3 Kg4 32.a4 a6 33.b5 cxb5 34.cxb5 axb5 35.axb5 Bd8
36.Ke2 Kg5 37.Nf4 Ba5 38.Nd5 h4 39.gxh4+ Kxh4 40.b6 Bxb6 41.Nxb6 f4 42.Nc4 Kg5
43.Nd6 e3 44.f3 Kf6 45.Nb5 Ke5 46.Kd3 Kd5 47.Nc3+ Ke5 48.Ne2 Kf5 49.Kd4  1-0

[Event "BL2-S9192"]
[Site "Germany"]
[Date "1992.??.??"]
[Round "?"]
[White "Pfrommer, Christoph"]
[Black "Gschnitzer, Oswald"]
[Result "0-1"]
[WhiteElo "2310"]
[BlackElo "2455"]

1.e4 c5 2.Nf3 Nc6 3.d4 cxd4 4.Nxd4 Nf6 5.Nc3 d6 6.Bg5 e6 7.Qd2 Be7 8.O-O-O O-O
9.Nb3 a6 10.Bxf6 gxf6 11.Qh6 Kh8 12.Qh5 Rg8 13.Qxf7 Rg6 14.f4 Bd7 15.Rd3 Bf8
16.Rg3 Ne7 17.f5 exf5 18.exf5 Bxf5 19.Bd3 Bxd3 20.Rxd3 Nc6 21.Rh3 Bh6+ 22.Kb1 b5
23.Rd1 Ne5 24.Qe6 Nc4 25.Nd4 f5 26.Qe2 Qf8 27.Rf3 Re8 28.Qf2 Be3 29.Qh4 Nd2+
30.Rxd2 Bxd2 31.Nce2 Rxg2 32.a3 Qh6 33.Qxh6 Bxh6 34.Nxf5 Rexe2 35.Nxh6 Rxh2
36.Nf7+ Kg7 37.Nxd6 Rxc2 38.Nf5+ Kg6 39.Ne3 Rxb2+  0-1

[Event "BL2-S9192"]
[Site "Germany"]
[Date "1992.??.??"]
[Round "?"]
[White "Mohrlok, Dieter"]
[Black "Gschnitzer, Oswald"]
[Result "0-1"]
[WhiteElo "2425"]
[BlackElo "2455"]

1.e4 c5 2.Nf3 Nc6 3.d4 cxd4 4.Nxd4 Nf6 5.Nc3 d6 6.Bg5 e6 7.Qd3 a6 8.Rd1 h6
9.Bc1 Nxd4 10.Qxd4 Be7 11.Be2 O-O 12.O-O Qc7 13.Kh1 b5 14.f4 Bb7 15.e5 dxe5
16.fxe5 Rad8 17.Qf4 Nh7 18.Rxd8 Bxd8 19.Bd3 Bg5 20.Qb4 Bxc1 21.Bxh7+ Kxh7
22.Qxf8 Bxb2 23.Nd1 Qxc2 24.Ne3 Qe4 25.Rxf7 Bxe5 26.Qa3 Bd4 27.h3 b4 28.Qb3 Bd5
29.Nxd5 Qe1+ 30.Kh2 Bg1+  0-1

[Event "Graz-ch"]
[Site "Graz"]
[Date "1992.??.??"]
[Round "7"]
[White "Stadlhofer, F."]
[Black "Deutsch, Ludwig"]
[Result "0-1"]
[WhiteElo "1920"]
[BlackElo "2240"]

1.e4 c5 2.Nf3 Nc6 3.d4 cxd4 4.Nxd4 Nf6 5.Nc3 d6 6.Bg5 Bd7 7.Qd2 Rc8 8.O-O-O Nxd4
9.Qxd4 Qa5 10.f4 h6 11.Bxf6 gxf6 12.Bc4 Qc5 13.Bb3 Qxd4 14.Rxd4 h5 15.e5 fxe5
16.fxe5 Bg7 17.Rb4 Bxe5 18.Rxb7 Bc6 19.Ba4 Bxa4 20.Nxa4 Rg8 21.g3 h4 22.gxh4 Rg2
23.c3 f5 24.h5 Kf7 25.Rxa7 f4 26.Rb7 Bd4 27.Nb6 Be3+ 28.Kb1 Rc5 29.h6 Rb5  0-1

[Event "Ikaria op"]
[Site "GRE"]
[Date "1992.??.??"]
[Round "?"]
[White "Borriss, Martin"]
[Black "Inkiov, Ventzislav"]
[Result "1-0"]
[WhiteElo "2395"]
[BlackElo "2450"]

1.e4 c5 2.Nf3 d6 3.d4 cxd4 4.Nxd4 Nf6 5.Nc3 Nc6 6.Bg5 e6 7.Qd2 Be7 8.O-O-O O-O
9.Nb3 a6 10.Bxf6 gxf6 11.Qh6 Kh8 12.Qh5 Qe8 13.f4 Rg8 14.Bd3 Rg7 15.g4 b5
16.h4 b4 17.Ne2 a5 18.Nbd4 Nxd4 19.Nxd4 a4 20.g5 a3 21.b3 Bd7 22.Rhg1 Qg8
23.Nf3 f5 24.exf5 exf5 25.Rge1 Be6 26.Nd4 Qc8 27.Qf3 Ra5 28.Qc6 Qb8 29.Bxf5 Rc5
30.Qe4 d5 31.Qf3 Rc3 32.Bd3 Qb6 33.Ne2 Qc7 34.f5 Qe5 35.fxe6 Rc8 36.Qf4 Qb2+
37.Kd2 fxe6 38.Qd4 e5 39.Qxb2 axb2 40.Rb1 e4 41.Bb5 Rc5 42.Ba4 Bd6 43.Rxb2 Rgc7
44.Ke3 Be5 45.Rbb1 Rxc2 46.Rbc1 Rxa2 47.Rxc7 Bxc7 48.Bc6 Bb6+ 49.Nd4 Rh2
50.Bxd5 Rxh4 51.Rd1 Rg4 52.Bxe4 Rxg5 53.Kf4  1-0

[Event "Groningen op"]
[Site "Groningen"]
[Date "1992.??.??"]
[Round "5"]
[White "Ciemniak, Robert"]
[Black "Lerner, Konstantin Z"]
[Result "1-0"]
[WhiteElo "2415"]
[BlackElo "2530"]

1.e4 c5 2.Nf3 d6 3.d4 cxd4 4.Nxd4 Nf6 5.Nc3 Nc6 6.Bg5 e6 7.Qd2 a6 8.O-O-O h6
9.Be3 Be7 10.f3 Nxd4 11.Bxd4 b5 12.Kb1 Rb8 13.e5 dxe5 14.Bxe5 Qxd2 15.Rxd2 Rb7
16.Bd3 O-O 17.Rhd1 Nd7 18.Bg3 f5 19.Bf1 Re8 20.Bd6 Bf6 21.Bb4 Ne5 22.a3 g5
23.Rd6 Rf7 24.Re1 Ng6 25.Rdd1 Rb7 26.Nd5 Bd8 27.c4 a5 28.Bc5 Kf7 29.Nc3 bxc4
30.Bxc4 Bb6 31.Na4 Bc7 32.Ba6 Rb8 33.Bxc8 Rbxc8 34.Rd7+ Kf6 35.Nb6 Bxb6 36.Bxb6 a4
37.Rh7 Rh8 38.Rd7 Rhe8 39.Rd4 Ra8 40.Rb4 Nf4 41.Bd4+ Kf7 42.g3 Nd5 43.Rc4 Rec8
44.Rec1 Rxc4 45.Rxc4 h5 46.Be5 Ra5 47.f4 gxf4 48.gxf4 Ra8 49.Ka2 Ke7 50.b4 Rg8
51.b5 Rg2+ 52.Kb1 Rxh2 53.Rxa4 h4 54.Ra7+ Ke8 55.Rh7 h3 56.a4 Rh1+ 57.Ka2 h2
58.a5 Nb4+ 59.Ka3 Nd3 60.b6 Nxe5 61.fxe5 Ra1+ 62.Kb4 h1=Q 63.Rxh1 Rxh1 64.a6 Rb1+
65.Kc5 Kd7 66.a7 Rc1+ 67.Kd4 Rd1+ 68.Kc3 Ra1 69.b7 Rxa7 70.b8=Q Rc7+ 71.Kd4 Rc6
72.Qf8 Kc7 73.Qe8 Kb7 74.Qd8 Rc7 75.Ke3 Rc6 76.Kf4 Ka6 77.Kg5 Kb5 78.Kf6 Kc5
79.Qd3 Kb6 80.Ke7 Kc5  1-0

[Event "Gyor opJ"]
[Site "Gyor"]
[Date "1992.??.??"]
[Round "?"]
[White "Trisic, Alexandar"]
[Black "Lendvai, Noemi"]
[Result "1/2-1/2"]
[WhiteElo "2235"]
[BlackElo "2175"]

1.e4 c5 2.Nf3 d6 3.d4 cxd4 4.Nxd4 Nf6 5.Nc3 Nc6 6.Bg5 e6 7.Qd2 a6 8.O-O-O Bd7
9.f4 b5 10.Qe1 Nxd4 11.Rxd4 Qb6 12.Rd3 b4 13.Nd1  1/2-1/2

[Event "Hamburg op"]
[Site "Hamburg"]
[Date "1992.??.??"]
[Round "5"]
[White "Putzbach, Gerd"]
[Black "Sher, Miron N"]
[Result "0-1"]
[WhiteElo "2265"]
[BlackElo "2505"]

1.e4 c5 2.Nf3 d6 3.d4 Nf6 4.Nc3 cxd4 5.Nxd4 Nc6 6.Bg5 e6 7.Qd2 a6 8.Be2 h6
9.Be3 Bd7 10.f4 b5 11.a3 Qc7 12.Bf3 Rc8 13.Nde2 Be7 14.O-O O-O 15.g4 Nh7
16.Rad1 Na5 17.b3 Bc6 18.Qe1 Ba8 19.Qg3 Nc6 20.h4 b4 21.Nb1 bxa3 22.Nxa3 d5
23.exd5 Bxa3 24.dxc6 Bxc6 25.c4 Rfd8 26.g5 hxg5 27.hxg5 Nf8 28.Nd4 Bxf3 29.Qxf3 Bc5
30.f5 Bxd4 31.Bxd4 exf5 32.Qxf5 Ng6 33.Qf2 Re8 34.Rd3 Re4 35.Rf3 Rg4+ 36.Kh1 Nh4
37.Rxf7 Qc6+ 38.Kh2 Rg2+ 39.Kh3 Qe6+ 40.Qf5 Nxf5 41.R1xf5 Rxg5  0-1

[Event "Hamburg op"]
[Site "Hamburg"]
[Date "1992.??.??"]
[Round "5"]
[White "Joecks, Christian"]
[Black "Kas Fromm, Rita"]
[Result "1-0"]
[WhiteElo "2375"]
[BlackElo "2210"]

1.e4 c5 2.Nf3 Nc6 3.d4 cxd4 4.Nxd4 Nf6 5.Nc3 d6 6.Bg5 e6 7.Qd2 a6 8.O-O-O h6
9.Be3 Be7 10.f4 Qc7 11.Bd3 Bd7 12.Kb1 b5 13.Rhe1 Nxd4 14.Bxd4 e5 15.Be3 Be6
16.h3 Qa5 17.f5 Bd7 18.Nd5 Qxd2 19.Nxf6+ Bxf6 20.Bxd2 Bc6 21.Bb4 O-O-O 22.c4 Rd7
23.b3 Kb7 24.Kb2 Kb6 25.Re2 Rhd8 26.Rc1 Bg5 27.Rcc2 Be7 28.Rc1 Bg5 29.Rcc2 Be7
30.cxb5 axb5 31.Ba5+ Kxa5 32.Rxc6 d5 33.a3 dxe4 34.b4+ Bxb4 35.axb4+ Kxb4
36.Rxe4+ Ka5 37.Bc2 f6 38.Kb3 Rd2 39.Re1 R8d4 40.Ra1+ Ra4 41.Rxa4+ bxa4+
42.Kc3 Rxg2 43.Bd3  1-0

[Event "Hamburg op"]
[Site "Hamburg"]
[Date "1992.??.??"]
[Round "9"]
[White "Bode, Wilfried"]
[Black "Hermesmann, Hans"]
[Result "1-0"]
[WhiteElo "2395"]
[BlackElo "2260"]

1.e4 c5 2.Nf3 d6 3.d4 cxd4 4.Nxd4 Nf6 5.Nc3 Nc6 6.Bg5 a6 7.Be2 e6 8.Qd3 Bd7
9.Rd1 Qb6 10.Nb3 Rc8 11.O-O h6 12.Qh3 Ne5 13.Kh1 Rxc3 14.bxc3 Nxe4 15.Be3 Qc7
16.Bd4 Ng6 17.Qe3 Nf6 18.Bd3 Be7 19.f4 O-O 20.f5 Ne5 21.fxe6 Bxe6 22.Rde1 Nfd7
23.h3 Bg5 24.Qe2 f5 25.Bxe5 Nxe5 26.Nd4 Qc8 27.Nxe6 Qxe6 28.c4 Qc8 29.Qf2 g6
30.Qd4 Bf6 31.Qxd6 Nc6 32.Rb1 Rf7 33.Rfe1 Kg7 34.Rbd1 Rd7 35.Bxf5 gxf5 36.Qxd7+  1-0

[Event "Helsinki-ch"]
[Site "Helsinki"]
[Date "1992.??.??"]
[Round "?"]
[White "Ebeling, Mika"]
[Black "Pulkkinen, Kari"]
[Result "1/2-1/2"]
[WhiteElo "2345"]
[BlackElo "2240"]

1.e4 c5 2.Nf3 d6 3.d4 cxd4 4.Nxd4 Nf6 5.Nc3 Nc6 6.Bg5 e6 7.Qd2 a6 8.O-O-O Bd7
9.f4 h6 10.Bh4 g5 11.fxg5 Ng4 12.Nxc6 Bxc6 13.Be2 Ne5 14.Kb1 Be7 15.Bg3 hxg5  1/2-1/2

[Event "Helsinki op"]
[Site "Helsinki"]
[Date "1992.??.??"]
[Round "2"]
[White "Nieminen, Kari"]
[Black "Kiselev, Sergey"]
[Result "0-1"]
[WhiteElo "2230"]
[BlackElo "2530"]

1.e4 c5 2.Nf3 Nc6 3.d4 cxd4 4.Nxd4 Nf6 5.Nc3 d6 6.Bg5 e6 7.Qd2 a6 8.O-O-O h6
9.Bf4 Bd7 10.Nxc6 Bxc6 11.f3 d5 12.Qe1 Bb4 13.a3 Ba5 14.Bd2 Qe7 15.e5 Nd7
16.Kb1 Bb6 17.f4 Bc5 18.Be3 O-O-O 19.Bd4 Kb8 20.Qe3 f6 21.exf6 gxf6 22.Bxc5 Nxc5
23.b4 Na4 24.Ne2 e5 25.Nd4 Qd6 26.fxe5 fxe5 27.Nxc6+ Qxc6 28.Qxe5+ Ka8 29.Kc1 Rhe8
30.Qg3 Qf6 31.Qb3 Nc3 32.Bd3 Nxd1 33.Rxd1 Qg5+ 34.Kb1 Qxg2 35.b5 axb5 36.Qxb5 Qxh2
37.Ka2 Qc7 38.Rb1 Re6 39.Rb4 Kb8 40.Rb3 Rdd6 41.Qb4 d4 42.Kb2 Rb6 43.Bb5 Re3  0-1

[Event "Helsinki op"]
[Site "Helsinki"]
[Date "1992.??.??"]
[Round "6"]
[White "Pakkanen, Jukka"]
[Black "Sher, Miron N"]
[Result "1/2-1/2"]
[WhiteElo "2330"]
[BlackElo "2505"]

1.e4 c5 2.Nf3 d6 3.d4 Nf6 4.Nc3 cxd4 5.Nxd4 Nc6 6.Bg5 e6 7.Qd2 a6 8.O-O-O h6
9.Bf4 Bd7 10.Nxc6 Bxc6 11.Bxd6 Bxd6 12.Qxd6 Qxd6 13.Rxd6 Bxe4 14.Rd4 Bc6
15.f3 Ke7 16.Be2 g5 17.a4 Rac8 18.Re1 h5 19.h4 Rcg8 20.Bf1 gxh4 21.Rxh4 Rg5
22.b4 a5 23.bxa5 Rxa5 24.Bb5 Bxb5 25.axb5 Rc8 26.Kb2 Rc5 27.Rd4 Ra8 28.Red1 Rac8
29.R1d3 Rg5 30.Rd2 Rcg8 31.Rc4 Ne8 32.Rcd4 Nf6 33.Rc4 Ne8 34.Rcd4 Nf6  1/2-1/2

[Event "Helsinki op"]
[Site "Helsinki"]
[Date "1992.??.??"]
[Round "9"]
[White "Erneste, Inguna"]
[Black "Serper, Grigory"]
[Result "0-1"]
[WhiteElo "2365"]
[BlackElo "2575"]

1.e4 c5 2.Nf3 d6 3.d4 cxd4 4.Nxd4 Nf6 5.Nc3 Nc6 6.Bg5 e6 7.Qd2 a6 8.O-O-O h6
9.Be3 Be7 10.f4 Nxd4 11.Bxd4 b5 12.Qe3 Qc7 13.e5 dxe5 14.Bxe5 Qa7 15.Bd4 Qb8
16.Be5 Ng4 17.Qg3 Nxe5 18.fxe5 O-O 19.Ne4 Ra7 20.Be2 Rd7 21.Rxd7 Bxd7 22.Rf1 Bc6
23.Nf6+ Bxf6 24.Rxf6 Be4 25.Rf2 Qc7 26.Bh5 Qa5 27.Qe3 Bf5 28.a3 b4 29.Be2 Rc8
30.Bf3 bxa3 31.Qxa3 Qb6 32.Rd2 Rc5 33.Bd1 Rxe5 34.Rd6 Qf2 35.Qxa6 Re1 36.Rd2 Rxd1+
37.Kxd1 Qg1+ 38.Ke2 Bg4+ 39.Kd3 Qf1+  0-1

[Event "Helsinki op"]
[Site "Helsinki"]
[Date "1992.??.??"]
[Round "9"]
[White "Yurtaev, Leonid"]
[Black "Gufeld, Eduard"]
[Result "0-1"]
[WhiteElo "2540"]
[BlackElo "2485"]

1.e4 c5 2.Nf3 d6 3.d4 cxd4 4.Nxd4 Nf6 5.Nc3 Nc6 6.Bg5 Qb6 7.Nb3 e6 8.Bf4 Ne5
9.Be3 Qc7 10.f4 Nc6 11.g4 a6 12.g5 Nd7 13.Bg2 Be7 14.h4 b5 15.Qe2 Nb6 16.Rd1 Nc4
17.Bc1 Qb6 18.h5 Bd7 19.Qf2 Qxf2+ 20.Kxf2 Rc8 21.Bf1 Rc7 22.a4 bxa4 23.Bxc4 axb3
24.Bxb3 Na5 25.Ba2 O-O 26.f5 exf5 27.Nd5 Rxc2+ 28.Rd2 Rxd2+ 29.Bxd2 Bd8 30.exf5 Nc6
31.f6 Be6 32.Kg3 Re8 33.fxg7 Kxg7 34.Rd1 Ne5 35.Bf4 h6 36.gxh6+ Kh8 37.h7 Kxh7
38.Bb1+ Kh8 39.Ne3 Rg8+ 40.Kf2 Bh4+ 41.Ke2 Bg3 42.Bxg3 Rxg3 43.Be4 Ng4 44.Rd3 Nxe3
45.Rxe3 Rg5 46.h6 Rb5 47.Ra3 Rxb2+ 48.Kd1 Bc4 49.Bc2 Rb8 50.Kd2 Rg8 51.Re3 Rg2+
52.Kc3 Be6 53.Re1 a5 54.Ra1 Rg5 55.Bd3 Rh5 56.h7 Rc5+ 57.Kb2 Bf5 58.Bxf5 Rxf5
59.Rh1 Rf3 60.Rh4 d5 61.Kc2 d4 62.Kd2 a4 63.Rxd4 a3 64.Rd7 a2 65.Ra7 Rh3
66.Kc2 Rh1  0-1

[Event "HUN-ch (Women)"]
[Site "?"]
[Date "1992.??.??"]
[Round "9"]
[White "Csoke, Adrienn"]
[Black "Grabics, Monika"]
[Result "0-1"]
[WhiteElo "2145"]
[BlackElo "2145"]

1.e4 c5 2.Nf3 Nc6 3.d4 cxd4 4.Nxd4 Nf6 5.Nc3 d6 6.Bg5 e6 7.Qd2 a6 8.O-O-O h6
9.Bxf6 Qxf6 10.Nf5 exf5 11.Nd5 Qd8 12.exf5 Bxf5 13.Bd3 Bxd3 14.Rhe1+ Be7
15.Rxe7+ Nxe7 16.Re1 Bc4 17.Nxe7 Be6 18.Nf5 O-O  0-1

[Event "HUN-ch (Women)"]
[Site "?"]
[Date "1992.??.??"]
[Round "11"]
[White "Csoke, Adrienn"]
[Black "Zimmersmann, Rita"]
[Result "0-1"]
[WhiteElo "2145"]
[BlackElo "2280"]

1.e4 c5 2.Nf3 d6 3.d4 cxd4 4.Nxd4 Nf6 5.Nc3 Nc6 6.Bg5 e6 7.Qd2 a6 8.O-O-O Bd7
9.f4 b5 10.Nxc6 Bxc6 11.Qe3 Be7 12.e5 Nd5 13.Nxd5 Bxd5 14.Bxe7 Qxe7 15.Qb6 Rd8
16.exd6 Rxd6 17.Qb8+ Rd8 18.Qe5 O-O 19.Bd3 b4 20.Rhe1 a5 21.Bxh7+ Kxh7 22.Rxd5 Rxd5
23.Qxd5 Qc7 24.Qe5 Qb6 25.Qe3 Qc7 26.Qe4+ Kg8 27.Re3 Rc8 28.b3 Qc5 29.g3 a4
30.bxa4 Qa7 31.Rb3 Qxa4 32.Qxb4 Qxa2 33.Rc3 Qa1+ 34.Kd2 Rd8+ 35.Rd3 Rc8 36.h4 Qf1
37.Qe4 Qf2+ 38.Kd1 Qxc2+ 39.Ke1 Qb1+ 40.Kf2 Rc2+ 41.Kf3 Qh1+ 42.Ke3 Re2+
43.Kxe2 Qxe4+ 44.Re3  0-1

[Event "HUN-chT"]
[Site "HUN"]
[Date "1992.??.??"]
[Round "?"]
[White "Glatt, Gabor"]
[Black "Berebora, Ferenc"]
[Result "0-1"]
[WhiteElo "2295"]
[BlackElo "2330"]

1.e4 c5 2.Nf3 Nc6 3.d4 cxd4 4.Nxd4 Nf6 5.Nc3 d6 6.Bg5 e6 7.Qd2 a6 8.O-O-O h6
9.Be3 Nxd4 10.Bxd4 b5 11.Qe3 Bd7 12.f4 b4 13.Ne2 e5 14.Bb6 Qb8 15.fxe5 dxe5
16.Ng3 Be7 17.Bc5 Qc7 18.Bxe7 Kxe7 19.Bd3 a5 20.Rhf1 a4 21.Nf5+ Bxf5 22.Rxf5 Rhe8
23.Rdf1 b3 24.a3 bxc2 25.Qd2 Rab8 26.Qxc2 Qd6 27.Bc4 Rec8 28.R5f3 Qd4 29.Rc3 Qxe4
30.Qxa4 Qxg2 31.Re1 Qxb2+  0-1

[Event "HUN-chT"]
[Site "HUN"]
[Date "1992.??.??"]
[Round "?"]
[White "Somlai, Laszlo"]
[Black "Puschmann, Laszlo"]
[Result "1/2-1/2"]
[WhiteElo "2375"]
[BlackElo "2370"]

1.e4 c5 2.Nf3 d6 3.d4 cxd4 4.Nxd4 Nf6 5.Nc3 Nc6 6.Bg5 a6 7.Qd2 Nxd4 8.Qxd4 Qa5
9.f4 h6 10.Bxf6 gxf6 11.O-O-O Bg4 12.Rd2 Be6 13.a3 h5 14.Nd5 Bxd5 15.exd5 O-O-O
16.Be2 Kb8 17.Rd3 Rc8 18.Rb3 Bh6 19.Kb1 h4 20.Rd1 Rhg8 21.Qe4 Bf8 22.Bh5 f5
23.Qe2 Rg7 24.Rd4 Rc7 25.Bf3 Rg8 26.Rdb4 Bg7 27.Qd3 Bf6 28.Qxf5 Qc5 29.Qe4 Ka7
30.Be2 Rb8 31.Ra4 b5 32.Rab4 Rcb7 33.a4 Rb6 34.axb5 axb5 35.Ra3+ Kb7 36.c3 Kc7
37.Ka2 R6b7 38.Qf5 Ra7 39.Rb3 Rxa3+ 40.Rxa3 b4 41.Ra6 e6 42.Qh7 b3+ 43.Ka1 Qg1+
44.Qb1 Qxb1+ 45.Kxb1 exd5 46.Bd1 d4 47.Ra7+ Rb7 48.Rxb7+ Kxb7 49.c4 Kb6 50.Bxb3 d3  1/2-1/2

[Event "Hyeres op"]
[Site "Hyeres"]
[Date "1992.??.??"]
[Round "?"]
[White "Boudre, Jean Pierre"]
[Black "Lanka, Zigurds"]
[Result "1/2-1/2"]
[WhiteElo "2405"]
[BlackElo "2520"]

1.e4 c5 2.Nf3 Nc6 3.d4 cxd4 4.Nxd4 Nf6 5.Nc3 d6 6.Bg5 e6 7.Qd2 a6 8.O-O-O h6
9.Bf4 Bd7 10.Nxc6 Bxc6 11.f3 d5 12.Qe1 Bb4 13.a3 Ba5 14.Bd2 Bb6 15.exd5 Nxd5
16.Nxd5 Bxd5 17.Kb1 Qe7 18.Bc3 Rg8 19.Bd3 O-O-O 20.Qe2 Bc6 21.Rd2 Bc7 22.g3 h5
23.Rhd1 g5 24.Qf2 Kb8 25.Be4 Rxd2 26.Rxd2 Bxe4 27.fxe4 Qe8 28.Bb4 Ka8 29.Rd3 g4
30.Qc5 Bb8 31.Bc3 h4 32.Bf6 hxg3 33.hxg3 Qc8 34.Qh5 Qc4 35.Qxf7 Rc8 36.Bc3 Qxe4
37.Rd4 Qh1+ 38.Ka2 Qc6 39.Qg6 Be5 40.Rd3 Bxc3 41.Rxc3 Qd5+ 42.Rb3 Qc4 43.Kb1 Qf1+
44.Ka2 Qc4 45.Kb1 Qf1+  1/2-1/2

[Event "ISR-ch"]
[Site "ISR"]
[Date "1992.??.??"]
[Round "3"]
[White "Tseitlin, Mark D"]
[Black "Greenfeld, Alon"]
[Result "0-1"]
[WhiteElo "2450"]
[BlackElo "2535"]

1.e4 c5 2.Nf3 d6 3.d4 cxd4 4.Nxd4 Nf6 5.Nc3 Nc6 6.Bg5 e6 7.Bb5 Bd7 8.Bxc6 bxc6
9.Qf3 Qb6 10.Nb3 Be7 11.O-O-O e5 12.Bxf6 gxf6 13.Rxd6 Bxd6 14.Qxf6 Rg8 15.Qxd6 O-O-O
16.g3 Qxf2 17.Qxe5 Qg2 18.Re1 Qxh2 19.Nd5 cxd5 20.Qc3+ Kb8 21.Qe5+ Kc8 22.Qc3+ Kb7
23.Na5+ Ka8 24.Qc7 Qh6+ 25.Kb1 Qb6  0-1

[Event "Jyvaskyla op"]
[Site "Jyvaskyla"]
[Date "1992.??.??"]
[Round "5"]
[White "Pakkanen, Jukka"]
[Black "Kivipelto, Kaj Erik"]
[Result "1/2-1/2"]
[WhiteElo "2295"]
[BlackElo "2270"]

1.e4 c5 2.Nf3 Nc6 3.d4 cxd4 4.Nxd4 Nf6 5.Nc3 d6 6.Bg5 g6 7.Bxf6 exf6 8.Qd2 Bg7
9.Bb5 Bd7 10.O-O O-O 11.Nde2 f5 12.Ng3 fxe4 13.Ngxe4 Bf5 14.Rfe1 Nd4 15.Bd3 d5
16.Ng3 Bxd3 17.Qxd3 Rc8 18.Rad1 Qa5 19.a3 Nxc2 20.Qxc2 d4 21.Qa4 Qxa4 22.Nxa4 b5
23.Ne2 bxa4 24.Nxd4 Rfd8 25.Nb5 Rxd1 26.Rxd1 Bxb2 27.Nxa7 Rc5 28.Kf1 Bxa3
29.Rd4 Ra5 30.Nc6 Ra8 31.Rd2 Bc5 32.Ne5 a3 33.Ra2 Rb8 34.Nd3 Bd6 35.Ke2 Kg7
36.Kd2 Rc8 37.f3 Kf6 38.Nf2 Bb4+ 39.Ke2 Ke6 40.Kd3 Kd5 41.Nd1 Rc1 42.Ne3+ Kc5
43.Nc2 Rg1 44.Nxa3 Bxa3 45.Rxa3 Rxg2 46.Ra7 Rxh2  1/2-1/2

[Event "Katerini op"]
[Site "Katerini"]
[Date "1992.??.??"]
[Round "?"]
[White "Tseitlin, Mikhail S"]
[Black "Tukmakov, Vladimir B"]
[Result "1/2-1/2"]
[WhiteElo "2495"]
[BlackElo "2570"]

1.e4 c5 2.Nf3 d6 3.d4 cxd4 4.Nxd4 Nf6 5.Nc3 Nc6 6.Bg5 e6 7.Bb5 Bd7 8.Bxc6 bxc6
9.Qf3 c5 10.Nb3 c4 11.Nd4 Rb8 12.O-O Be7 13.b3 Qc7 14.Rad1 O-O 15.Nde2 Rfc8
16.Bf4  1/2-1/2

[Event "Katerini op"]
[Site "Katerini"]
[Date "1992.??.??"]
[Round "?"]
[White "Nikolaidis, Konstantinos"]
[Black "Yrjola, Jouni"]
[Result "1/2-1/2"]
[WhiteElo "2245"]
[BlackElo "2460"]

1.e4 c5 2.Nf3 d6 3.d4 cxd4 4.Nxd4 Nf6 5.Nc3 Nc6 6.Bg5 e6 7.Qd2 a6 8.O-O-O Bd7
9.f4 Be7 10.Nf3 b5 11.Bxf6 gxf6 12.g4 Qb6 13.h4 h6 14.Rh2 O-O-O 15.Kb1 Kb8
16.Rg2 Bc8 17.Qe1 Rhe8 18.Qd2 b4 19.Ne2 d5 20.e5 Na5 21.b3 Nc6 22.Ned4 Nxd4
23.Nxd4 fxe5 24.fxe5 Bxh4 25.Qxh6 Be7 26.Qf4 Bc5 27.g5 Re7 28.Be2 Rh8 29.Bf3 Rc7
30.g6 fxg6 31.Rxg6 Rd8  1/2-1/2

[Event "Katerini op"]
[Site "Katerini"]
[Date "1992.??.??"]
[Round "?"]
[White "Tolnai, Tibor"]
[Black "Van der Wiel, John TH"]
[Result "1/2-1/2"]
[WhiteElo "2495"]
[BlackElo "2545"]

1.e4 c5 2.Nf3 d6 3.d4 cxd4 4.Nxd4 Nf6 5.Nc3 Nc6 6.Bg5 e6 7.Qd3 a6 8.O-O-O h6
9.Bh4 Bd7 10.f4 g5 11.fxg5 Ng4 12.Nxc6 Bxc6 13.Be2 Ne5 14.Qd4 hxg5 15.Bg3 Qc7
16.Rhf1 b5 17.h3 Rb8 18.Nb1 Rh7 19.Nd2 Bg7 20.Nf3 Nxf3 21.Qxd6 Qxd6 22.Rxd6 Nd4
23.Rxd4 Bxd4 24.Bxb8 Bxe4 25.Bf3 Bxf3 26.Rxf3 g4 27.Rd3 gxh3 28.Rxd4 h2 29.Bxh2 Rxh2
30.Rd6 a5 31.Rb6 b4 32.Rb5 Rxg2 33.Rxa5 f5 34.Ra4 Rg4 35.Kd2 Ke7 36.a3 Rg2+
37.Kd3 bxa3 38.Rxa3 Kf6 39.Ra8 e5 40.Rf8+ Ke6 41.b4 e4+ 42.Kc3 Rg7  1/2-1/2